000 00888nam a2200265Ia 4500
003 OSt
005 20221005113238.0
006 a|||||r|||| 00| 0
007 ta
008 221004b |||||||| |||| 00| 0 pan d
020 _a9789387276475 (hbk)
_cINR 150.00
024 _a44854
037 _b1043, 02/02/2019, H.K. Prakashan
_cTextual
040 _aCRL
_cCRL
_bpan
041 _2pan
_apan
082 _aO153,1N48x, Q8
100 _aਨਜਮੀ, ਬਾਬਾ, ਂਚ.
245 0 _aਸਰਕਾਰਮਾ
260 _aਪਟਿਆਲਾ
_bਗ੍ਰੈFਿਅਸ ਭਾਰਤ
_c2018
300 _a120ਪ੍ਰ0
_ccm.
650 _a ਪੰਜਾਬੀ ਕਾਵਿ
650 _aਪੰਜਾਬੀ ਸਾਹਿਤ
942 _hO153,1N48x, Q8
_cTEXL
_2cc
999 _c1027534
_d1027534